00577nam a2200241Ia 450000500170000000800460001702000180006303700100008104000080009104000080009904000080010704100080011504100080012308400080013110000190013924500260015824500530018426000230023726000090026036500050026936500080027485600530028220260324130825.0008 260324s9999 xx 000 0 eng d a9780203823385 aEBOOK aCRL beng cCRL 2eng aeng qCRL aM. Sandra Wood 0aMedical Librarian 2.0 0bUse of Web 2.0 Technologies in Reference Servics bTaylor and Francis c2007 a b240 uhttp://www.taylorfrancis.com/books/9780203823385